Rubén Darío Cuentos Completos

Bibliographic Details
Main Author: Mejía Sánchez, Ernesto
Format: Section = Libro
Language:Undetermined
Spanish
Published: Nicaragua [s.e.] 2000
Subjects:
LEADER 00478nam a2200181Ia 4500
008 240830s9999 xx 000 0 und d
020 |a 99924-30-13-3 
040 |a B-ESTELÍ- RUACS / 863.44 C965 
041 |a spa 
082 |a 863.44 C965 
100 1 |a Mejía Sánchez, Ernesto 
245 1 0 |a Rubén Darío Cuentos Completos 
260 |a Nicaragua  |b [s.e.]  |c 2000 
300 |a 388 p. 
650 7 |a CUENTOS NICARAGÜENSES-SIGLO XX 
942 |c BK  |2 ddc 
991 |a TEXTO 
999 |c 11647